| 000 | 00590nam a22001817a 4500 | ||
|---|---|---|---|
| 082 |
_a625.84 _bMIN _cL-15, P-35 |
||
| 100 |
_aMinistry of Transport _943826 |
||
| 245 |
_aConcrete roads _cMinistry of Transport |
||
| 260 |
_aEngland _bLowe and Brydone (Printers) Ltd, London _c1955 |
||
| 300 | _axvii, 404.p: | ||
| 526 |
_a0 _b0 _c0 _d625_840000000000000_MIN |
||
| 526 |
_a0 _b0 _c0 _d625_840000000000000_MIN |
||
| 526 |
_a0 _b0 _c0 _d625_840000000000000_MIN |
||
| 526 |
_a0 _b0 _c0 _d625_840000000000000_MIN |
||
| 526 |
_a0 _b0 _c0 _d625_840000000000000_MIN |
||
| 650 |
_aMCE _9379 |
||
| 942 |
_2ddc _cBK |
||
| 999 |
_c547679 _d547679 |
||